00890 2200289 4500001002100000005001500021035002000036007000300056008004100059020002200100082001400122084001600136100002800152245008700180250004100267300005100308650002400359264004300383336002100426337003000447338002300477040002200500090002200522850001200544999002200556990002200578INLIS00000000088721520240605093524 a0010-0624000117ta240605s2024 yoia g ind d a978-623-89050-1-004223a636.5 a636.5 HET t0 aHeti SorendaePengarang10aTernak burung puyuh :busaha menguntungkan dengan modal terjangkau /cHeti Sorenda aEdisi pertama: Cetakan pertama, 2024 aviii, 78 halaman :bilustrasi, gambar ;c21 cm 4aTernak burung puyuh31aYogyakarta :bRumah Pengatahuan,c2024 2rdacontentateks 2rdamediaatanpa perantara 2rdacarrieravolume aYOPDYOGbinderda aCB-D.11 2024-0882 aYOPDYOG aCB-D.11/2024-0882 aCB-D.11/2024-0882